[Event "4NCL/Div4/WEA1 vs. PAND"]
[Site "Birmingham ENG"]
[Date "2006.09.24"]
[Round "2.6"]
[White "McCarthy, Kevin"]
[Black "Fryer, Keiran"]
[Result "1-0"]
[WhiteElo "2055"]
[BlackElo "1465"]
[PlyCount "83"]
[EventDate "2006.09.24"]
[EventType "team"]
[EventRounds "11"]
[EventCountry "ENG"]
[WhiteTeam "Pandoras Box"]
[BlackTeam "W Collective 1"]

1. d4 d5 2. e4 e6 3. Nc3 Nc6 4. Be3 Bb4 5. e5 Nge7 6. Bd3 b6 7. Nf3 Na5 8. O-O
c5 9. a3 Bxc3 10. bxc3 c4 11. Be2 Nf5 12. Bg5 f6 13. Bf4 Bb7 14. h3 Nc6 15. Nh2
fxe5 16. dxe5 Qc7 17. Bh5+ g6 18. Bg4 h5 19. Bxf5 gxf5 20. Bg5 Qg7 21. Bf6 Qh7
22. Bxh8 Qxh8 23. f4 O-O-O 24. Nf3 Qg7 25. Nd4 b5 26. Nxe6 Qg6 27. Nxd8 Nxd8
28. Qd2 Ne6 29. Rf2 Nc5 30. Re1 Ne4 31. Rxe4 dxe4 32. Qd4 Bc6 33. Qxa7 Kd8 34.
Rd2+ Ke8 35. Qc7 Kf8 36. Rd6 e3 37. Rxg6 e2 38. Rf6+ Ke8 39. Qxc6+ Kd8 40. Kf2
Ke7 41. Qd6+ Ke8 42. Rf8# 1-0

[Event "4NCL/Div4/LMAO2 vs. NOTT2"]
[Site "Birmingham ENG"]
[Date "2006.09.24"]
[Round "2.1"]
[White "Walker, Samuel"]
[Black "Wright, Antony J"]
[Result "0-1"]
[WhiteElo "1910"]
[BlackElo "2020"]
[PlyCount "120"]
[EventDate "2006.09.24"]
[EventType "team"]
[EventRounds "11"]
[EventCountry "ENG"]
[WhiteTeam "London Mstrs 2"]
[BlackTeam "Notts 2"]

1. c4 e6 2. g3 d5 3. cxd5 exd5 4. Bg2 Nf6 5. d4 Be7 6. Nc3 c6 7. Nh3 Bf5 8. f3
O-O 9. Nf2 Re8 10. e4 dxe4 11. fxe4 Bb4 12. O-O Bxc3 13. bxc3 Nxe4 14. Nxe4
Bxe4 15. Qb3 Bxg2 16. Qxf7+ Kh8 17. Kxg2 Nd7 18. Ba3 Nf6 19. Rae1 Rxe1 20. Rxe1
Qd5+ 21. Qxd5 Nxd5 22. c4 Nb6 23. c5 Nd5 24. Bc1 Kg8 25. Bd2 Rd8 26. Kf3 Kf7
27. Ke4 Re8+ 28. Kd3 Rxe1 29. Bxe1 Ke6 30. Bd2 Kf5 31. h3 h5 32. a3 g5 33. Ba5
g4 34. h4 a6 35. Bd8 Ke6 36. Bg5 Kf5 37. Bh6 Nc7 38. Bf4 Nd5 39. Be5 Ne7 40.
Kc4 Ke4 41. Kb4 Kd3 42. Ka5 Nd5 43. Bg7 Kc4 44. Be5 Kb3 45. a4 Kc4 46. Bg7 Kd3
47. Be5 Ke4 48. Bg7 Kd3 49. Be5 Kc4 50. Bg7 Kb3 51. Bh8 Nc3 52. Kb6 Kxa4 53.
Kxb7 Kb5 54. Kc7 Nd5+ 55. Kd6 a5 56. Bg7 a4 57. Bh6 a3 58. Bc1 a2 59. Bb2 Ne3
60. Ke5 Nc4+ 0-1

[Event "4NCL/Div4/LMAO2 vs. NOTT2"]
[Site "Birmingham ENG"]
[Date "2006.09.24"]
[Round "2.2"]
[White "Thompson, Brian"]
[Black "Kenyon, Scott J M"]
[Result "0-1"]
[WhiteElo "2000"]
[BlackElo "1774"]
[PlyCount "94"]
[EventDate "2006.09.24"]
[EventType "team"]
[EventRounds "11"]
[EventCountry "ENG"]
[WhiteTeam "Notts 2"]
[BlackTeam "London Mstrs 2"]

1. d4 e6 2. c4 f5 3. Nc3 Nf6 4. Nf3 d6 5. Bg5 Be7 6. Qc2 Nc6 7. O-O-O Ng4 8.
Bxe7 Qxe7 9. e4 e5 10. Nd5 Qd8 11. h3 fxe4 12. hxg4 exf3 13. Rxh7 Qg5+ 14. Kb1
O-O 15. Rh5 Qxg4 16. Qh7+ Kf7 17. Ne3 Qg6+ 18. Bd3 Qxh7 19. Bxh7 exd4 20. Nc2
g6 21. Rg5 Bf5 22. g4 Be4 23. Re1 Kf6 24. Rb5 Bxc2+ 25. Kxc2 Ne5 26. Rxb7 Rf7
27. Rh1 c5 28. g5+ Kg7 29. Rxf7+ Nxf7 30. Rh3 Nxg5 31. Rg3 Nxh7 32. Rxf3 Rf8
33. Ra3 Rxf2+ 34. Kc1 Rf7 35. Ra6 Rd7 36. a3 Kf6 37. b4 Ke5 38. bxc5 dxc5 39.
Rxg6 Rc7 40. Kd2 Nf8 41. Rg5+ Kf6 42. Rg3 Ne6 43. Rf3+ Ke5 44. Rf1 Rh7 45. Re1+
Kd6 46. Kc2 Rh2+ 47. Kb3 Rh3+ 0-1

[Event "4NCL/Div4/LMAO2 vs. NOTT2"]
[Site "Birmingham ENG"]
[Date "2006.09.24"]
[Round "2.3"]
[White "Iyengar, Ilya"]
[Black "Harrison, John"]
[Result "0-1"]
[WhiteElo "1815"]
[BlackElo "2000"]
[PlyCount "56"]
[EventDate "2006.09.24"]
[EventType "team"]
[EventRounds "11"]
[EventCountry "ENG"]
[WhiteTeam "London Mstrs 2"]
[BlackTeam "Notts 2"]

1. d4 d5 2. c4 c6 3. cxd5 cxd5 4. Nc3 Nc6 5. Bf4 Nf6 6. e3 e6 7. a3 Bd6 8. Bg3
O-O 9. Bd3 e5 10. dxe5 Nxe5 11. Nb5 Qa5+ 12. b4 Nxd3+ 13. Qxd3 Bxb4+ 14. Ke2
Bd7 15. Nc7 Rac8 16. Nf3 Bc5 17. Rhc1 Bb6 18. Qc3 Qxc3 19. Rxc3 Ne4 20. Rac1
Nxc3+ 21. Rxc3 Bc6 22. Bd6 Rfd8 23. Be7 Rd7 24. Nxd5 Rxd5 25. e4 Bb5+ 26. Ke1
Rxc3 27. exd5 Rd3 28. d6 Ba5+ 0-1

[Event "4NCL/Div4/LMAO2 vs. NOTT2"]
[Site "Birmingham ENG"]
[Date "2006.09.24"]
[Round "2.4"]
[White "Hill, Maurice J"]
[Black "Shaw, Dashiell"]
[Result "1/2-1/2"]
[WhiteElo "1910"]
[BlackElo "1750"]
[PlyCount "98"]
[EventDate "2006.09.24"]
[EventType "team"]
[EventRounds "11"]
[EventCountry "ENG"]
[WhiteTeam "Notts 2"]
[BlackTeam "London Mstrs 2"]

1. c4 e5 2. g3 Nc6 3. Bg2 d6 4. Nc3 Be6 5. d3 f5 6. e3 g6 7. Nge2 Bg7 8. Rb1
Nf6 9. b4 Rb8 10. b5 Ne7 11. Qa4 O-O 12. Qxa7 d5 13. Qc5 e4 14. Nf4 Bf7 15.
Ncxd5 Nexd5 16. Nxd5 Nxd5 17. cxd5 Bxd5 18. a4 Ba2 19. Rb4 Qxd3 20. Bd2 Rfd8
21. Qc1 Bf8 22. Bf1 Qd7 23. Bc4+ Bxc4 24. Qxc4+ Qd5 25. Qxd5+ Rxd5 26. Rc4 Rbd8
27. Rc2 Bb4 28. Bxb4 Rd1+ 29. Ke2 Rxh1 30. Rxc7 Ra1 31. a5 Rb1 32. Rc4 Kf7 33.
b6 Rd5 34. Bc3 Ke6 35. Rc7 Rc1 36. Rxb7 Rxc3 37. a6 Ra5 38. a7 Ra1 39. Kd2 Rb3
40. Kc2 Rb5 41. Rb8 h5 42. Re8+ Kf6 43. a8=Q Rxa8 44. Rxa8 Rxb6 45. h4 Rd6 46.
Ra4 Ke5 47. Ra5+ Rd5 48. Ra6 Rd6 49. Ra5+ Rd5 1/2-1/2

[Event "4NCL/Div4/LMAO2 vs. NOTT2"]
[Site "Birmingham ENG"]
[Date "2006.09.24"]
[Round "2.5"]
[White "Rigby-Zeglache, Elyes"]
[Black "Graham, Neil"]
[Result "0-1"]
[WhiteElo "1705"]
[BlackElo "1915"]
[PlyCount "108"]
[EventDate "2006.09.24"]
[EventType "team"]
[EventRounds "11"]
[EventCountry "ENG"]
[WhiteTeam "London Mstrs 2"]
[BlackTeam "Notts 2"]

1. e4 e5 2. Nf3 Nf6 3. Nxe5 d6 4. Nf3 Nxe4 5. d3 Nf6 6. Be2 Be7 7. O-O O-O 8.
d4 d5 9. c3 c6 10. Bf4 Bd6 11. Bg3 Ne4 12. Nbd2 Nxg3 13. fxg3 Be6 14. b4 Nd7
15. Nb3 Re8 16. Nh4 Nf6 17. Nc5 Bxc5 18. bxc5 Ne4 19. Qc2 Qg5 20. Qc1 Qxc1 21.
Raxc1 b6 22. Bf3 bxc5 23. Bxe4 dxe4 24. dxc5 Bc4 25. Rf2 g6 26. Rf6 Rac8 27. a3
Re5 28. Re1 Bd3 29. Nf3 Rxc5 30. Re3 Kg7 31. Rd6 Rd5 32. Rxd5 cxd5 33. Ne5 Rxc3
34. a4 f6 35. Nxd3 Rxd3 36. Rxd3 exd3 37. Kf2 d4 38. Ke1 Kf7 39. Kd2 Ke6 40.
Kxd3 Kd5 41. h4 f5 42. a5 a6 43. g4 fxg4 44. g3 h5 45. Kc2 Ke4 46. Kd2 Kf3 47.
Kd3 Kxg3 48. Kxd4 Kf2 49. Ke5 g3 50. Kf6 g2 51. Kxg6 g1=Q+ 52. Kxh5 Qg3 53. Kh6
Qxh4+ 54. Kg6 Qf4 0-1

[Event "4NCL/Div4/LMAO2 vs. NOTT2"]
[Site "Birmingham ENG"]
[Date "2006.09.24"]
[Round "2.6"]
[White "Lakhani, Anjali"]
[Black "Graham, Henry"]
[Result "1-0"]
[WhiteElo "1830"]
[BlackElo "1570"]
[PlyCount "61"]
[EventDate "2006.09.24"]
[EventType "team"]
[EventRounds "11"]
[EventCountry "ENG"]
[WhiteTeam "Notts 2"]
[BlackTeam "London Mstrs 2"]

1. e4 d6 2. d4 g6 3. Nc3 Bg7 4. Be3 Nf6 5. f3 O-O 6. Nge2 c6 7. g4 Nbd7 8. Ng3
c5 9. dxc5 dxc5 10. Be2 b6 11. Qc1 Bb7 12. Bh6 a6 13. h4 Qc7 14. Kf2 Ne5 15. h5
gxh5 16. Bxg7 Kxg7 17. Nxh5+ Nxh5 18. Qg5+ Ng6 19. Rxh5 f6 20. Qh6+ Kf7 21.
Qxh7+ Ke8 22. Qxg6+ Kd8 23. Qf5 Bc8 24. Qd5+ Qd7 25. Qxa8 Qd4+ 26. Kf1 Kc7 27.
Qa7+ Bb7 28. Bxa6 Qe3 29. Qxb7+ Kd6 30. Rd1+ Ke6 31. Bc4# 1-0

[Event "4NCL/Div4/AMCAH vs. HAL"]
[Site "Birmingham ENG"]
[Date "2006.09.24"]
[Round "2.1"]
[White "Tart, Peter K"]
[Black "Doran, Michael J"]
[Result "1-0"]
[WhiteElo "1965"]
[BlackElo "2005"]
[PlyCount "41"]
[EventDate "2006.09.24"]
[EventType "team"]
[EventRounds "11"]
[EventCountry "ENG"]
[WhiteTeam "AMCA Hippos"]
[BlackTeam "Halesowen"]

1. e4 e6 2. d4 d5 3. c4 dxe4 4. Nc3 c5 5. d5 Nf6 6. f3 exf3 7. Nxf3 Be7 8. Bd3
O-O 9. O-O Na6 10. Bf4 Kh8 11. Bb1 exd5 12. cxd5 c4 13. d6 Qb6+ 14. Kh1 Rd8 15.
Nd5 Nxd5 16. Qxd5 Bf6 17. Ne5 Be6 18. Nxf7+ Bxf7 19. Qxf7 Nc5 20. Bxh7 Kxh7 21.
Rf3 1-0

[Event "4NCL/Div4/AMCAH vs. HAL"]
[Site "Birmingham ENG"]
[Date "2006.09.24"]
[Round "2.2"]
[White "Pugh, Glyn D"]
[Black "Tunstall, George"]
[Result "1-0"]
[WhiteElo "2000"]
[BlackElo "1810"]
[PlyCount "59"]
[EventDate "2006.09.24"]
[EventType "team"]
[EventRounds "11"]
[EventCountry "ENG"]
[WhiteTeam "Halesowen"]
[BlackTeam "AMCA Hippos"]

1. e4 c5 2. Nf3 Nc6 3. Bc4 e6 4. d4 cxd4 5. Nxd4 d5 6. exd5 exd5 7. Bb3 Bc5 8.
Be3 Nxd4 9. Bxd4 Qe7+ 10. Kf1 Nf6 11. Nc3 Be6 12. Ba4+ Kf8 13. Qd2 Rd8 14. Re1
Ne4 15. Qe3 Bxd4 16. Qxd4 Nxc3 17. bxc3 b6 18. Re5 f6 19. Re3 Kf7 20. f3 Rc8
21. Bb3 Rhd8 22. Kf2 Qd6 23. Rhe1 Re8 24. c4 Qxh2 25. cxd5 Bd7 26. d6+ Kf8 27.
Re7 Rxe7 28. Rxe7 Bh3 29. Rf7+ Ke8 30. d7+ 1-0

[Event "4NCL/Div4/AMCAH vs. HAL"]
[Site "Birmingham ENG"]
[Date "2006.09.24"]
[Round "2.3"]
[White "Krishnan, Anand"]
[Black "Pitt, Chris W"]
[Result "1/2-1/2"]
[WhiteElo "1810"]
[BlackElo "1885"]
[PlyCount "66"]
[EventDate "2006.09.24"]
[EventType "team"]
[EventRounds "11"]
[EventCountry "ENG"]
[WhiteTeam "AMCA Hippos"]
[BlackTeam "Halesowen"]

1. c4 Nf6 2. Nc3 c5 3. g3 d5 4. cxd5 Nxd5 5. Bg2 Nc7 6. Nf3 Nc6 7. O-O e5 8. d3
Be7 9. Bd2 O-O 10. Rc1 Be6 11. a3 Rb8 12. Ne4 Na6 13. Be3 Qd5 14. Nfg5 Bxg5 15.
Nf6+ Bxf6 16. Bxd5 Bxd5 17. Bxc5 Nxc5 18. Rxc5 Rbd8 19. Re1 Rd7 20. b4 a6 21.
Qb1 Nd4 22. h4 Re8 23. f3 Bxf3 24. exf3 Nxf3+ 25. Kf2 Nxe1 26. Kxe1 g6 27. Ke2
h5 28. b5 Red8 29. Qc2 Kg7 30. bxa6 bxa6 31. Rc6 Rd6 32. Rxd6 Rxd6 33. Qc5 Re6
1/2-1/2

[Event "4NCL/Div4/AMCAH vs. HAL"]
[Site "Birmingham ENG"]
[Date "2006.09.24"]
[Round "2.4"]
[White "Lee, Darren"]
[Black "Periasamymanjula, Mani"]
[Result "1-0"]
[WhiteElo "1955"]
[BlackElo "1745"]
[PlyCount "63"]
[EventDate "2006.09.24"]
[EventType "team"]
[EventRounds "11"]
[EventCountry "ENG"]
[WhiteTeam "Halesowen"]
[BlackTeam "AMCA Hippos"]

1. e4 e5 2. Nf3 Nc6 3. d4 exd4 4. Nxd4 Bc5 5. Be3 Bb6 6. Nc3 Nge7 7. Be2 O-O 8.
O-O Ng6 9. Nxc6 bxc6 10. Bxb6 cxb6 11. f4 Bb7 12. e5 Re8 13. Ne4 d5 14. Nd6 Re7
15. Qd2 Qd7 16. Rae1 Rf8 17. h3 f5 18. Nxb7 Qxb7 19. c4 dxc4 20. Bxc4+ Kh8 21.
Rd1 b5 22. Bb3 Ree8 23. Qd7 Qb6+ 24. Qd4 Qc7 25. Qc5 Ne7 26. Rd6 Rd8 27. Rfd1
a5 28. Be6 h6 29. Rd7 Qb8 30. Qxe7 Qb6+ 31. Kh1 Rde8 32. Qxg7# 1-0

[Event "4NCL/Div4/AMCAH vs. HAL"]
[Site "Birmingham ENG"]
[Date "2006.09.24"]
[Round "2.5"]
[White "Meechan, Catriona"]
[Black "Uddin, Moin"]
[Result "0-1"]
[WhiteElo "1720"]
[BlackElo "1835"]
[PlyCount "94"]
[EventDate "2006.09.24"]
[EventType "team"]
[EventRounds "11"]
[EventCountry "ENG"]
[WhiteTeam "AMCA Hippos"]
[BlackTeam "Halesowen"]

1. Nf3 Nf6 2. g3 d5 3. Bg2 e6 4. d4 c5 5. c3 Nc6 6. Bf4 Be7 7. Qc2 Qb6 8. e3
Bd7 9. O-O Nh5 10. Be5 Nf6 11. Nbd2 O-O 12. Ng5 g6 13. Ngf3 Rfc8 14. Rab1 cxd4
15. exd4 Nb4 16. Qd1 Nd3 17. Nb3 Bb5 18. Qd2 Ne4 19. Qe3 Nxe5 20. Nxe5 Bxf1 21.
Rxf1 Nd6 22. Nd7 Qc7 23. Ndc5 Nf5 24. Qe2 a5 25. Nd3 Bf6 26. Qf3 Bg7 27. Nd2 a4
28. a3 Nd6 29. Ne5 Nf5 30. Re1 Ra6 31. Qd1 Qd6 32. Bf1 Rb6 33. Nd3 Ra6 34. Nb4
Raa8 35. Bb5 Bh6 36. Nf3 Qb6 37. Bxa4 Nd6 38. Ne5 Rc7 39. Bb3 Nb5 40. Qd3 Nxa3
41. bxa3 Rxa3 42. Rb1 Bf8 43. Nxd5 exd5 44. Bxd5 Qa5 45. Rb3 Ra1+ 46. Rb1 Rxb1+
47. Qxb1 Qxd5 0-1

[Event "4NCL/Div4/AMCAH vs. HAL"]
[Site "Birmingham ENG"]
[Date "2006.09.24"]
[Round "2.6"]
[White "Evans, Joyce"]
[Black "Jerzynek, Neil"]
[Result "0-1"]
[WhiteElo "1425"]
[BlackElo "1660"]
[PlyCount "48"]
[EventDate "2006.09.24"]
[EventType "team"]
[EventRounds "11"]
[EventCountry "ENG"]
[WhiteTeam "Halesowen"]
[BlackTeam "AMCA Hippos"]

1. e4 e6 2. d4 d5 3. e5 c5 4. b3 Nc6 5. Nf3 Nge7 6. Nc3 cxd4 7. Nb5 Ng6 8.
Nbxd4 Ngxe5 9. Nxc6 Nxf3+ 10. Qxf3 bxc6 11. Bd3 Bb4+ 12. Bd2 Bxd2+ 13. Kxd2
Qg5+ 14. Ke2 e5 15. Kf1 e4 16. Bxe4 O-O 17. Bd3 Re8 18. c4 Bg4 19. Qg3 Qf6 20.
Rc1 Qb2 21. Qf4 Be2+ 22. Bxe2 Qxe2+ 23. Kg1 Qe1+ 24. Rxe1 Rxe1# 0-1

[Event "4NCL/Div4/WWKS2 vs. PONTY"]
[Site "Birmingham ENG"]
[Date "2006.09.24"]
[Round "2.1"]
[White "Hynes, Anthony"]
[Black "Adams, Mark A"]
[Result "1-0"]
[WhiteElo "2248"]
[BlackElo "2000"]
[PlyCount "119"]
[EventDate "2006.09.24"]
[EventType "team"]
[EventRounds "11"]
[EventCountry "ENG"]
[WhiteTeam "Warks Select 2"]
[BlackTeam "Pontypridd"]

1. e4 c5 2. Nf3 d6 3. d4 cxd4 4. Nxd4 Nf6 5. Nc3 a6 6. Bg5 e6 7. f4 Be7 8. Qf3
Qa5 9. O-O-O Bd7 10. Bh4 Nc6 11. Nb3 Qc7 12. Bg3 O-O 13. Be2 Rac8 14. Kb1 b5
15. e5 dxe5 16. fxe5 Nd5 17. Nxd5 exd5 18. e6 fxe6 19. Bxc7 Rxf3 20. Bxf3 Rxc7
21. Rhe1 a5 22. Nc1 Bf6 23. c3 Ne5 24. Be2 Nc4 25. Bf1 b4 26. Bxc4 Rxc4 27.
cxb4 Rxb4 28. Nd3 Rb6 29. Rc1 Bb5 30. Ne5 Bxe5 31. Rxe5 Kf7 32. Re3 Rc6 33.
Rxc6 Bxc6 34. Rc3 Bd7 35. Kc2 Ke7 36. Rh3 e5 37. Ra3 a4 38. b4 axb3+ 39. axb3
Kd6 40. b4 d4 41. Ra7 g5 42. Kd2 Bf5 43. Ra6+ Kc7 44. Rf6 Bg6 45. Re6 e4 46.
Re5 g4 47. Rd5 g3 48. h4 d3 49. Rg5 Kd6 50. Rxg3 Kd5 51. h5 Be8 52. h6 Kd4 53.
Re3 Bg6 54. g4 Kc4 55. Re1 Kxb4 56. Rc1 Kb5 57. g5 Kb6 58. Ke3 Kb5 59. Rf1 Kc4
60. Rf6 1-0

[Event "4NCL/Div4/WWKS2 vs. PONTY"]
[Site "Birmingham ENG"]
[Date "2006.09.24"]
[Round "2.2"]
[White "Gilbert, Jonathan A"]
[Black "Talbot, Andrew"]
[Result "1-0"]
[WhiteElo "2061"]
[BlackElo "2171"]
[PlyCount "29"]
[EventDate "2006.09.24"]
[EventType "team"]
[EventRounds "11"]
[EventCountry "ENG"]
[WhiteTeam "Pontypridd"]
[BlackTeam "Warks Select 2"]

1. e4 c5 2. Nf3 d6 3. d4 cxd4 4. Nxd4 Nf6 5. Nc3 a6 6. Bc4 e6 7. Bb3 b5 8. Bg5
Be7 9. Qf3 Qb6 10. O-O-O Nbd7 11. Rhe1 O-O 12. Qh3 Nc5 13. f4 Kh8 14. Qh4 h6
15. e5 1-0

[Event "4NCL/Div4/WWKS2 vs. PONTY"]
[Site "Birmingham ENG"]
[Date "2006.09.24"]
[Round "2.3"]
[White "Lloyd, Alan D"]
[Black "Robinson, David"]
[Result "1-0"]
[WhiteElo "2120"]
[BlackElo "1999"]
[PlyCount "74"]
[EventDate "2006.09.24"]
[EventType "team"]
[EventRounds "11"]
[EventCountry "ENG"]
[WhiteTeam "Warks Select 2"]
[BlackTeam "Pontypridd"]

1. c4 Nf6 2. Nc3 g6 3. g3 Bg7 4. Bg2 O-O 5. Rb1 c5 6. b4 cxb4 7. Rxb4 Nc6 8.
Rb1 d6 9. Nf3 Rb8 10. O-O b6 11. Re1 Na5 12. d3 Ng4 13. Nd5 Nc6 14. Bg5 h6 15.
Bd2 Kh7 16. Qc1 e6 17. Nb4 Ne7 18. h3 Nf6 19. Qa3 Qc7 20. Nd4 a5 21. Nbc2 Bd7
22. Nb5 Bxb5 23. Rxb5 Nd7 24. Reb1 Nc6 25. Bxc6 Qxc6 26. Bc3 Bxc3 27. Qxc3 d5
28. Ne3 Rfc8 29. Qd4 dxc4 30. Nxc4 Rc7 31. Qf4 Nc5 32. Rxb6 Rxb6 33. Rxb6 Qd7
34. Qe5 a4 35. Nd6 Nb7 36. Ne4 Rc1+ 37. Kh2 Qe7 1-0

[Event "4NCL/Div4/WWKS2 vs. PONTY"]
[Site "Birmingham ENG"]
[Date "2006.09.24"]
[Round "2.4"]
[White "Davies, Peter L"]
[Black "Hunt, Malcolm A"]
[Result "1/2-1/2"]
[WhiteElo "1988"]
[BlackElo "2089"]
[PlyCount "26"]
[EventDate "2006.09.24"]
[EventType "team"]
[EventRounds "11"]
[EventCountry "ENG"]
[WhiteTeam "Pontypridd"]
[BlackTeam "Warks Select 2"]

1. e4 e5 2. Nf3 Nc6 3. Bb5 Nf6 4. O-O Nxe4 5. Re1 Nd6 6. Nxe5 Be7 7. Ba4 Nxe5
8. Rxe5 O-O 9. d4 Nc4 10. Re1 d5 11. Nd2 Nb6 12. Bb3 Bd6 13. Nf1 Qh4 1/2-1/2

[Event "4NCL/Div4/WWKS2 vs. PONTY"]
[Site "Birmingham ENG"]
[Date "2006.09.24"]
[Round "2.5"]
[White "Cooper, David M"]
[Black "White, Ian G"]
[Result "1/2-1/2"]
[WhiteElo "2075"]
[BlackElo "2040"]
[PlyCount "39"]
[EventDate "2006.09.24"]
[EventType "team"]
[EventRounds "11"]
[EventCountry "ENG"]
[WhiteTeam "Warks Select 2"]
[BlackTeam "Pontypridd"]

1. e4 e6 2. d4 d5 3. Nc3 Bb4 4. Nge2 dxe4 5. a3 Be7 6. Nxe4 Nd7 7. Bf4 Ngf6 8.
Qd3 Nxe4 9. Qxe4 Nf6 10. Qf3 c6 11. O-O-O Qd5 12. Qd3 Bd6 13. Bxd6 Qxd6 14. Nc3
O-O 15. g3 b6 16. Bg2 Bb7 17. Rhe1 Rfd8 18. h4 Rd7 19. Ne4 Qe7 20. Nxf6+
1/2-1/2

[Event "4NCL/Div4/ADD vs. OXF3"]
[Site "Birmingham ENG"]
[Date "2006.09.24"]
[Round "2.1"]
[White "Dupré, Paul D"]
[Black "Burt, Will"]
[Result "1-0"]
[WhiteElo "2027"]
[BlackElo "2060"]
[PlyCount "63"]
[EventDate "2006.09.24"]
[EventType "team"]
[EventRounds "11"]
[EventCountry "ENG"]
[WhiteTeam "Addlestone"]
[BlackTeam "Oxford 3"]

1. d4 d5 2. Nf3 c6 3. c4 e6 4. Bg5 Qc7 5. cxd5 exd5 6. Nc3 Bf5 7. e3 Nf6 8. Be2
Nbd7 9. O-O Bd6 10. Rc1 a6 11. a3 Nb6 12. b4 Ng4 13. h3 h5 14. Bd3 Be6 15. Re1
Bh2+ 16. Kf1 Nxf2 17. Kxf2 Bxh3 18. Bf4 Bxf4 19. exf4+ Be6 20. f5 h4 21. fxe6
Qg3+ 22. Kf1 h3 23. exf7+ Kxf7 24. Qe2 h2 25. Nxh2 Rxh2 26. Qf2+ Qxf2+ 27. Kxf2
Rah8 28. Re3 Nd7 29. Rce1 Nf6 30. Re7+ Kf8 31. Bg6 Ne4+ 32. R1xe4 1-0

[Event "4NCL/Div4/ADD vs. OXF3"]
[Site "Birmingham ENG"]
[Date "2006.09.24"]
[Round "2.2"]
[White "Morris, Graham"]
[Black "Albrecht, Theo"]
[Result "1-0"]
[WhiteElo "2035"]
[BlackElo "2025"]
[PlyCount "101"]
[EventDate "2006.09.24"]
[EventType "team"]
[EventRounds "11"]
[EventCountry "ENG"]
[WhiteTeam "Oxford 3"]
[BlackTeam "Addlestone"]

1. e4 d6 2. d4 Nf6 3. Nc3 Nbd7 4. Be3 e5 5. Nf3 c6 6. Be2 Be7 7. O-O Qc7 8. h3
b5 9. a3 a6 10. Qd2 h6 11. Rad1 Nf8 12. Rfe1 g5 13. d5 c5 14. Nxe5 dxe5 15. d6
Bxd6 16. Qxd6 Qxd6 17. Rxd6 Ne6 18. Bxc5 Nxc5 19. Rxf6 Be6 20. Rd1 Ke7 21. Rf3
Rad8 22. b4 Rxd1+ 23. Bxd1 Nb7 24. Rd3 Rd8 25. Rxd8 Kxd8 26. Kf1 Nd6 27. Be2
Kc7 28. Bd3 Kb6 29. Ke2 Kc6 30. a4 Kb6 31. a5+ Kc6 32. Ke3 Ne8 33. Nb1 Nd6 34.
Nd2 Kc7 35. c3 Kc6 36. Bc2 Nc4+ 37. Nxc4 Bxc4 38. Bd3 Be6 39. Kd2 Bb3 40. Kc1
Be6 41. Kb2 f6 42. Bc2 Bc4 43. g3 Bf1 44. h4 gxh4 45. gxh4 Be2 46. Bb3 Bc4 47.
Bxc4 bxc4 48. Ka2 h5 49. f3 Kc7 50. Ka3 Kc6 51. Ka4 1-0

[Event "4NCL/Div4/ADD vs. OXF3"]
[Site "Birmingham ENG"]
[Date "2006.09.24"]
[Round "2.3"]
[White "Klein, Cornelia"]
[Black "Terry, Sean"]
[Result "1-0"]
[WhiteElo "1885"]
[BlackElo "2040"]
[PlyCount "49"]
[EventDate "2006.09.24"]
[EventType "team"]
[EventRounds "11"]
[EventCountry "ENG"]
[WhiteTeam "Addlestone"]
[BlackTeam "Oxford 3"]

1. e4 c5 2. c3 e6 3. d4 b6 4. Bf4 Bb7 5. Nd2 Nf6 6. Bd3 Be7 7. Ngf3 O-O 8. O-O
Nh5 9. Be3 f5 10. exf5 exf5 11. dxc5 f4 12. Bd4 bxc5 13. Qb3+ Kh8 14. Bxc5 Bxc5
15. Qxb7 Qb6 16. Qxb6 Bxb6 17. Be4 Nc6 18. Nc4 Nf6 19. Bc2 Bc7 20. Rfe1 Rfe8
21. Rad1 d5 22. Na3 Kg8 23. Kf1 Kf8 24. Rxe8+ Kxe8 25. Ba4 1-0

[Event "4NCL/Div4/ADD vs. OXF3"]
[Site "Birmingham ENG"]
[Date "2006.09.24"]
[Round "2.4"]
[White "Zhang, Marco"]
[Black "Seale, Denis"]
[Result "1-0"]
[WhiteElo "1890"]
[BlackElo "1860"]
[PlyCount "57"]
[EventDate "2006.09.24"]
[EventType "team"]
[EventRounds "11"]
[EventCountry "ENG"]
[WhiteTeam "Oxford 3"]
[BlackTeam "Addlestone"]

1. e4 e5 2. Nc3 Nf6 3. f4 d6 4. Nf3 exf4 5. d4 h6 6. h4 Be7 7. Bxf4 Bg4 8. Qd2
a6 9. Bc4 Nbd7 10. O-O-O Nb6 11. Be2 Qd7 12. e5 Nfd5 13. Nxd5 Nxd5 14. exd6
cxd6 15. Bc4 Nxf4 16. Qxf4 O-O 17. Rde1 Be6 18. d5 Bg4 19. Bd3 Bh5 20. Qe4 Bg6
21. Qxe7 Qa4 22. Bxg6 fxg6 23. a3 Rac8 24. c3 Kh8 25. Qxd6 Qb3 26. Qb4 Qxd5 27.
Rd1 Qa2 28. Kc2 Rf5 29. Qb3 1-0

[Event "4NCL/Div4/ADD vs. OXF3"]
[Site "Birmingham ENG"]
[Date "2006.09.24"]
[Round "2.5"]
[White "Davda, Rahil"]
[Black "Henbest, Kevin B"]
[Result "1/2-1/2"]
[WhiteElo "1855"]
[BlackElo "1800"]
[PlyCount "57"]
[EventDate "2006.09.24"]
[EventType "team"]
[EventRounds "11"]
[EventCountry "ENG"]
[WhiteTeam "Addlestone"]
[BlackTeam "Oxford 3"]

1. d4 Nf6 2. c4 g6 3. Nc3 Bg7 4. e4 d6 5. Nf3 O-O 6. Be2 e5 7. d5 Nbd7 8. Bg5
Qe8 9. b4 Nh5 10. Nb5 f6 11. Nxc7 Qf7 12. Be3 f5 13. Nxa8 Nf4 14. Bxf4 fxe4 15.
Be3 exf3 16. Bxf3 e4 17. Bg4 Bc3+ 18. Ke2 Ne5 19. Bxc8 Rxc8 20. Rc1 Bxb4 21.
Qd4 Ba3 22. Qxa7 Bc5 23. Bxc5 dxc5 24. Rb1 Nd3 25. Rhf1 Nf4+ 26. Kd1 Qf6 27.
Qa5 Qd4+ 28. Qd2 Qxc4 29. Re1 1/2-1/2

[Event "4NCL/Div4/ADD vs. OXF3"]
[Site "Birmingham ENG"]
[Date "2006.09.24"]
[Round "2.6"]
[White "Wang, Maria"]
[Black "Shanahan, Piers"]
[Result "1-0"]
[WhiteElo "1705"]
[BlackElo "1670"]
[PlyCount "113"]
[EventDate "2006.09.24"]
[EventType "team"]
[EventRounds "11"]
[EventCountry "ENG"]
[WhiteTeam "Oxford 3"]
[BlackTeam "Addlestone"]

1. e4 c5 2. Nf3 e6 3. d4 b6 4. c3 Bb7 5. Nbd2 Nf6 6. e5 Ne4 7. Qe2 Nxd2 8. Bxd2
Nc6 9. Be3 cxd4 10. cxd4 Bb4+ 11. Nd2 f6 12. f4 O-O 13. a3 Bxd2+ 14. Qxd2 fxe5
15. dxe5 Qe7 16. Bd3 Qh4+ 17. g3 Qh3 18. Bf1 Qf5 19. Bg2 Rad8 20. O-O Ba6 21.
Rfc1 Na5 22. Qd1 Nc4 23. Bd4 d6 24. Qe1 dxe5 25. Bxe5 Nxe5 26. fxe5 Qd3 27. Rc7
Qd4+ 28. Kh1 Qxb2 29. Rb1 Qd2 30. Rxa7 Rf2 31. Qxd2 Rdxd2 32. Rxa6 Rxg2 33.
Raxb6 Rxh2+ 34. Kg1 Rdg2+ 35. Kf1 Ra2 36. Kg1 Rag2+ 37. Kf1 Rxg3 38. Rxe6 Rh1+
39. Kf2 Rxb1 40. Kxg3 Rb3+ 41. Kf4 Rxa3 42. Rd6 Kf7 43. Rd7+ Kf8 44. Rd6 Ke7
45. Rb6 Rd3 46. Ke4 Rd1 47. Rb7+ Rd7 48. Rb6 h5 49. Rg6 Kf7 50. e6+ Kxg6 51.
exd7 Kg5 52. d8=Q+ Kg4 53. Qd1+ Kh4 54. Kf5 g5 55. Qh1+ Kg3 56. Qxh5 g4 57.
Qxg4+ 1-0

[Event "4NCL/Div4/ATH2 vs. LMAO1"]
[Site "Birmingham ENG"]
[Date "2006.09.24"]
[Round "2.1"]
[White "Aniecko, Colin"]
[Black "Poobalasingam, Peter"]
[Result "0-1"]
[WhiteElo "1800"]
[BlackElo "2068"]
[PlyCount "44"]
[EventDate "2006.09.24"]
[EventType "team"]
[EventRounds "11"]
[EventCountry "ENG"]
[WhiteTeam "Athenaeum 2"]
[BlackTeam "London Mstrs 1"]

1. e4 e6 2. d4 d5 3. e5 c5 4. c3 Qb6 5. Nf3 Nc6 6. Be2 Nh6 7. Bxh6 gxh6 8. Qb3
cxd4 9. Qxb6 axb6 10. cxd4 Nb4 11. Bd1 Nd3+ 12. Kd2 Nxb2 13. Bb3 Nc4+ 14. Bxc4
dxc4 15. a3 Bd7 16. Ke3 b5 17. Nfd2 Be7 18. Rc1 O-O 19. Rc2 Ra5 20. Rb2 Bc6 21.
g3 Rfa8 22. Rba2 Bd5 0-1